Sports Quiz

Random Sports or Baseball Quiz

MLB 200 Starts (2001-2010) Quiz Stats

 Plays Quiz not verified by Sporcle

Challenge
Share
Tweet
Embed
Score 0/48 Timer 06:00
0 Plays Today
Starts Pitcher % Correct
339Barry Zito
96.9%
322CC Sabathia
95.1%
287Roy Halladay
91.8%
331Mark Buehrle
88.5%
303Roy Oswalt
88.4%
291Tim Hudson
88.1%
289Andy Pettitte
87.3%
246Randy Johnson
85.9%
258Johan Santana
85.3%
332Livan Hernandez
84.1%
246Josh Beckett
84.1%
218Cliff Lee
83%
308Jamie Moyer
80.2%
252Tim Wakefield
79.5%
258Carlos Zambrano
79.4%
248Tom Glavine
79%
207Chris Carpenter
77.4%
232Jake Peavy
76.1%
248Mike Mussina
75.7%
273Greg Maddux
74.1%
303Derek Lowe
72.4%
266John Lackey
71.6%
257A.J. Burnett
70.4%
320Javier Vazquez
64.4%
Starts Pitcher % Correct
215Bartolo Colon
61.8%
247Bronson Arroyo
57.7%
241Ben Sheets
55.8%
215Jeff Weaver
55.3%
301Kevin Millwood
54.5%
222Dan Haren
51.7%
249Freddy Garcia
51.4%
234Aaron Harang
49.8%
223Kenny Rogers
46.9%
282Ted Lilly
44.1%
216Brett Myers
40%
262Brad Penny
39.1%
308Jon Garland
38.7%
303Jeff Suppan
36.2%
213Gil Meche
35.2%
256Randy Wolf
34.6%
226Matt Morris
34.3%
268Kyle Lohse
28.6%
265Jarrod Washburn
25.5%
264Doug Davis
24.8%
237Vicente Padilla
23.2%
244Jason Marquis
22.5%
204Odalis Perez
20.5%
238Joel Pineiro
15.1%

You're not logged in!

Compare scores with friends on all Sporcle quizzes.
OR
Log In

You Might Also Like...

Show Comments

Extras

Top Quizzes Today


Score Distribution

Your Account Isn't Verified!

In order to create a playlist on Sporcle, you need to verify the email address you used during registration. Go to your Sporcle Settings to finish the process.

Report this User

Report this user for behavior that violates our Community Guidelines.

Details: